LDR 00847naa#a2200193#i#450# 001 RU\INFRA-M\bibl\86059 005 20260517234636.7 011 ## _a2587-6295 100 ## _a20240625b2024####ek#y0rusy0150####ca 102 ## _aRU 200 1# _aПрименение цифровых технологий в политических кампаниях _eЖурнальная статья 210 1# _aМосква _cОбщество с ограниченной ответственностью «Научно-издательский центр ИНФРА-М» _d2024 215 ## _a12 с. 608 ## _aЖурнальная статья _2local 675 ## _aФормы политической деятельности. 321.02 _z 700 #1 _aМатюхин _gА. В. 700 #1 _aДавыдова _gЮ. А. 700 #1 _aДенисенкова _gН. Н. 856 4# _anaukaru.ru _u